Langages de programmation - Statistiques

Statistiques générales
  • Ce quiz a été pris 835 fois
  • Le résultat moyen est 5 sur 16
Answers on the Grid
Answers color-coded by a green-red scale on the quiz's grid according to % correct below.
Python
Java
Ruby
Windows Power Shell
HTML
Swift
PHP
C
Rust
JavaScript
C#
Golang
C++
Kotlin
SQL
Virtual Basic
CSS
D
Unix Shell
XML
 
Statistiques - réponses
Réponse % Correct
Python
97%
Java
85%
C
45%
Ruby
44%
PHP
37%
JavaScript
33%
C++
32%
C#
30%
Swift
26%
Rust
20%
Windows Power Shell
19%
Kotlin
16%
Golang
15%
Virtual Basic
9%
Unix Shell
8%
D
7%
Aucun quiz correspondant
Distribution des résultats
% des personnes avec chaque résultat
Percentile par nombre de réponses
Votre historique - résultats
Vous n’avez pas pris ce quiz